000 00331nam a2200133Ia 4500
008 220216s9999 xx 000 0 und d
100 _aRavindran D
245 0 _aImport of natural rubber- Why?
260 _bRubber Asia
_c2002
300 _a81-82
650 _aGlobalised economy
650 _aNatural rubber import
942 _cJS
999 _c60806
_d60806